Представление документа в формате RUSMARC

ПолеНазваниеЗначение
  Тип записи a
  Библиографический уровень m
001 Контрольный номер RU/SLIB/B/208747411
005 Дата корректировки 20231226142810.6
010 Индекс ISBN __
d Цена 0-90
100 Данные общей обработки __
a Данные общей обработки 20220126d1988 ma y0rusy028902 ca
101 Язык документа 0_
a Язык текста rus
102 Страна публикации __
a Страна публикации RU
105 Кодированные данные (монография) __
a Кодированные данные (монография) y j 000yy
181 Поле кодированных данных: вид содержания _0
a Код вида содержания (ISBD) i
182 Поле кодированных данных: тип средства _0
a Код типа средства (ISBD) n
200 Заглавие и сведения об ответственности 1_
a Заглавие Профессиональная ориентация учащихся
e Сведения, относящиеся к заглавию учеб. пособие для студентов пед. ин-тов
f Первые сведения об ответственности сост.: А. Д. Сазонов. В. Д. Симоненко, В. С. Аванесов [и др.] ; под ред. А. Д. Сазонова
b Общее обозначение материала Текст
210 Выходные данные 1_
a Место издания М.
c Издательство Просвещение
d Дата издания 1988
215 Физическое описание __
a Объем 224 с.
225 Серия 2_
a Серия Учебное пособие для педагогических институтов
606 Тематические рубрики __
a Основная рубрика Образование. Педагогика
2 Код системы nlr_sh
606 Тематические рубрики __
a Основная рубрика Теория и методика воспитания
2 Код системы nlr_sh
610 Ключевые слова 0_
a Ключевые слова профессиональная ориентация; профориентация; учащиеся; профессии; выбор профессии; профотбор
686 Индексы других классификаций __
a Классификационный индекс 74.200.536я73; В74.200.52я73
2 Код системы rubbks
702 Вторичная интеллектуальная ответственность _1
a Фамилия Сазонов
b Имя А. Д.
4 Код отношения 220
g Полное личное имя Александр Дмитриевич
702 Вторичная интеллектуальная ответственность _1
a Фамилия Симоненко
b Имя В. Д.
4 Код отношения 220
g Полное личное имя Виктор Дмитриевич
702 Вторичная интеллектуальная ответственность _1
a Фамилия Аванесов
b Имя В. С.
4 Код отношения 220
g Полное личное имя Вадим Сергеевич
801 Источник записи _0
a Страна RU
b Организация Муниципальное бюджетное учреждение культуры "Централизованная библиотечная система" г. Сургут (Центральная городская библиотека им. А. С. Пушкина)
g Правила каталогизации PSBO
801 Источник записи _1
a Страна RU
b Организация Муниципальное бюджетное учреждение культуры "Централизованная библиотечная система" г. Сургут (Центральная городская библиотека им. А. С. Пушкина)
g Правила каталогизации PSBO
852 Данные о местонахождении __
j Шифр хранения 74.200.536я73
c Каталожный индекс 74.200.52я73
i Авторский знак П 84
p Инвентарный номер 34304
901 Тип документа __
t Тип документа m
a Ответственный КиК/Уланова
901 Тип документа __
a Ответственный СКБР2024
903 Характеристики (МАРС) __
c Наименование библиотеки (МАРС) Муниципальное бюджетное учреждение культуры "Централизованная библиотечная система" г. Сургут (Центральная городская библиотека им. А. С. Пушкина)
969 Тип издания __
a Тип издания учебное пособие
990 Данные о заказе (DOS) __
j Количество экземпляров (DOS) 2